Housing Affordability in Germany and its Dynamics

Štúdia skúma dostupnosť bývania v Nemecku od roku 2017 do roku 2023 vzhľadom na rastúce ceny nehnuteľností a výzvy na trhu s bývaním. Na identifikáciu trendov a vzorcov a na navrhnutie politických opatrení na riešenie týchto problémov využíva Index dostupnosti bývania. Výsledky ukazujú regionálne ro...

Descrizione completa

Salvato in:
Dettagli Bibliografici
Autore principale: Balz, Felix Florian
Natura: Capitolo di libro
Lingua:inglese
Soggetti:
Tags: Aggiungi Tag
Nessun Tag, puoi essere il primo ad aggiungerne!!

MARC

LEADER 00000naa a2200000 4500
001 0315175
005 20260227101422.5
041 0 |a eng 
044 |a CZ 
245 1 0 |a Housing Affordability in Germany and its Dynamics  |c Felix Florian Balz 
520 |a Štúdia skúma dostupnosť bývania v Nemecku od roku 2017 do roku 2023 vzhľadom na rastúce ceny nehnuteľností a výzvy na trhu s bývaním. Na identifikáciu trendov a vzorcov a na navrhnutie politických opatrení na riešenie týchto problémov využíva Index dostupnosti bývania. Výsledky ukazujú regionálne rozdiely, pričom najmä veľké mestá čelia rastúcim cenám. Celkovo sa záťaž dostupnosti bývania v celej krajine zhoršila, pričom obzvlášť postihnuté sú západné spolkové krajiny. Budúci výskum by sa mal zamerať na hodnotenie politických opatrení a analýzu budúcich trendov s cieľom vyvinúť vhodné stratégie a predpovedať budúcnosť. 
610 2 0 |a trh realitný 
610 2 0 |a nehnuteľnosti 
610 2 0 |a ceny 
610 2 0 |a bývanie 
610 2 0 |a indexy 
610 2 0 |a bubliny cenové 
610 2 0 |a rozdiely regionálne 
610 2 0 |a Nemecko 
100 1 |a Balz, Felix Florian